| 000 | 01420nam a22003858i 4500 | ||
|---|---|---|---|
| 001 | BK0025194872 | ||
| 005 | 20210512140111.0 | ||
| 008 | 190809s2019 nyu 000 1 eng d | ||
| 010 | _abl2019023647 | ||
| 020 |
_a9781250265708 : HRD _c27.99 |
||
| 020 |
_a1250265703 : HRD _c27.99 |
||
| 037 |
_bSt Martins Pr, C/O Mps 16365 James Madison Hwy Us Hwy 15, Gordonsville, VA, USA, 22942, (212)6745151 _nSAN 631-5011 |
||
| 040 |
_aNjBwBT _beng _cNjBwBT _erda |
||
| 050 | 1 | 4 |
_aPR9639.4.M668 _bC55 2019 |
| 082 | 0 | 4 |
_a823/.92 _223 |
| 092 | _a823.9200 | ||
| 100 | 1 |
_aMorris, Heather _c(Screenwriter), _eauthor. _96417531 |
|
| 245 | 1 | 0 |
_aCilka's journey : _ba novel / _cHeather Morris. |
| 246 | 4 | _bThe Tattooist of Auschwitz | |
| 246 | 4 | _bThe Tattooist of Auschwitz Book Two | |
| 246 | 4 | _bThe Tattooist of Auschwitz Book 2 | |
| 250 | _aFirst edition. | ||
| 264 | 1 |
_aNew York : _bSt. Martin's Press, _c2019. |
|
| 300 | _apages cm | ||
| 336 | _atext | ||
| 337 | _aunmediated | ||
| 338 | _avolume | ||
| 440 | 4 |
_aThe Tattooist of Auschwitz : _vBook 2 _96417538 |
|
| 610 | 2 | 0 |
_aBirkenau (Concentration camp) _vFiction. _95798085 |
| 650 | 0 |
_aWomen prisoners _zRussia _zSiberia _vFiction. _95798082 |
|
| 650 | 0 |
_aEx-concentration camp inmates _vFiction. _95798084 |
|
| 651 | 0 |
_aSiberia (Russia) _vFiction. _95798083 |
|
| 655 | 7 |
_aHistorical fiction. _2gsafd _9102701 |
|
| 942 |
_2ddc _cBOOK |
||
| 999 |
_c248300 _d248300 |
||